Welcome to CU Library Online Public Access Catalogue (OPAC)

Business Law (Record no. 6605)

MARC details
000 -LEADER
fixed length control field 00587nam a22002297a 4500
003 - CONTROL NUMBER IDENTIFIER
control field OSt
005 - DATE AND TIME OF LATEST TRANSACTION
control field 20250619204646.0
008 - FIXED-LENGTH DATA ELEMENTS--GENERAL INFORMATION
fixed length control field 250619b |||||||| |||| 00| 0 eng d
020 ## - INTERNATIONAL STANDARD BOOK NUMBER
International Standard Book Number 9780907679561
040 ## - CATALOGING SOURCE
Original cataloging agency DLC
Language of cataloging DLC
Transcribing agency DLC
050 ## - LIBRARY OF CONGRESS CALL NUMBER
Classification number K1005
Item number .6 1994
100 ## - MAIN ENTRY--PERSONAL NAME
Personal name Harrison, Tom
245 ## - TITLE STATEMENT
Title Business Law
250 ## - EDITION STATEMENT
Edition statement Third Edition
260 ## - PUBLICATION, DISTRIBUTION, ETC.
Place of publication, distribution, etc. Sunderland;
Name of publisher, distributor, etc. Business Education Publisher;
Date of publication, distribution, etc. c1994
300 ## - PHYSICAL DESCRIPTION
Extent xxx, 702 pp
490 ## - SERIES STATEMENT
Materials specified Business Law
500 ## - GENERAL NOTE
General note Includes Index
700 ## - ADDED ENTRY--PERSONAL NAME
Personal name John Ellison
Dates associated with a name Jim Bedingfield
856 ## - ELECTRONIC LOCATION AND ACCESS
Materials specified Business Law
942 ## - ADDED ENTRY ELEMENTS (KOHA)
Source of classification or shelving scheme Library of Congress Classification
Koha item type Books
Suppress in OPAC No
Holdings
Withdrawn status Lost status Source of classification or shelving scheme Damaged status Not for loan Collection Home library Current library Shelving location Date acquired Total checkouts Full call number Barcode Date last seen Copy number Price effective from Koha item type
    Library of Congress Classification     Non-fiction Law Library (Christ Temple) Law Library (Christ Temple) General stacks 06/19/2025   K1005.6 HOR LLCT00000739 06/19/2025 1 06/19/2025 Books
© 2023-2024 Copyright: Central University Libraries. All Rights Reserved | Created by: Mahone Tech Office